00218 a2200097 450000500170000008200120001710000150002924500190004426000320006330000250009520250419111425.0 aF ZWE aZWEIG, S.  aBeware of Pity aLondon, bCassell, c1961.  axiv, 418p., c18cm.